000 00411nam a2200133Ia 4500
008 100328s9999 xx 000 0 und d
082 _b60240
100 _aसारंग कमलाकर
245 _aबाइंडरचे दिवस.
260 _bगं्रथाली.
630 _aबाइंडरचे दिवस.
730 _aबाइंडरचे दिवस.
942 _cBOOK
999 _c546402
_d546399